| 000 | 00683nam a22001937a 4500 | ||
|---|---|---|---|
| 999 |
_c164645 _d164645 |
||
| 005 | 20190523163308.0 | ||
| 010 | _aUR-10147 | ||
| 020 |
_c300.00 _a- |
||
| 035 | _aU-8702 | ||
| 037 | _bDBAD/PUB | ||
| 082 | _a921.8 | ||
| 100 | _aغو ثيہ با نو | ||
| 245 |
_aمنظو ر ا لا مين:فيا ض فکر و فن _cغو ثيہ با نو |
||
| 246 |
_bManzoor-ul-Ameen Nabbaz-e-Fikr-o-Fun (Urdu) _aby Ghousiya Bano |
||
| 260 |
_a Delhi _bEducational Publishing House _c2018 ء |
||
| 270 |
_a3191،Vakil Street,Kucha Pandit,Lal Kuan, _bDelhi _e110006 _k23216162 _l00911123211540 |
||
| 300 |
_a219ص _c22 Cm.(bk) |
||
| 942 |
_2ddc _cUR _h921.8 _mغ و ث |
||